Advanced health care technologies

Bibliographic Details
Format: Electronic Serial
Language:English
Published: Macclesfield, England : Dove Medical Press
Subjects:
Online Access:Full text available from Research Library: 01/01/2015 to present

MARC

LEADER 00000nas a2200000Mu 4500
001 ssj0001537989
003 WaSeSS
005 20200512172242.0
006 m d
007 cr n
008 140709u2015uuuuenk ss 0 0eng
022 |a 2350-269X 
035 |a (WaSeSS)ssj0001537989 
040 |a DNLM  |c DNLM  |d WaSeSS 
245 0 0 |a Advanced health care technologies  |h [electronic resource]. 
260 |a Macclesfield, England :  |b Dove Medical Press 
362 0 |a Began with Volume 1 (2015). 
500 |a Title from content provider. 
506 |a License restrictions may limit access. 
655 0 |a Electronic journals. 
730 0 |a DOVE Medical Press Journals 
856 4 0 |z Full text available from Research Library: 01/01/2015 to present  |u https://search.proquest.com/publication/3933213